| 000 | 01331pab a2200193 454500 | ||
|---|---|---|---|
| 008 | 180718b2011 xxu||||| |||| 00| 0 eng d | ||
| 100 | _aRamabrahman, I | ||
| 245 | _aCombating corruption: The need for strengthening anti corruption bureau | ||
| 260 | _c2011 | ||
| 300 | _ap.710-720. | ||
| 362 | _aJul-Sep | ||
| 520 | _aOver 50 years ago Andhra Pradesh established an ACB and it developed some good practices. But due to globalisation and introduction of neo-liberal policies the scale of corruption and opportunities to indulge in have considerably increased. Can the ACBs in their current structure with suboptimal human resource, low budgetary support, lack pf access to best technologies discharge their functions? What challenges are these facing now?Can there be new agenda for the ACBs in general with the prosect of Lokpal at the national level and reinvigorated Lokayukta on the anvil? This article focuses on the current practices of ACB to check corruption in administration and attemts to present, an assesment along with a futuristic perspective on how organisational reengineering can be thought of. - Reproduced. | ||
| 650 | _aCorruption - India | ||
| 650 | _aCorruption | ||
| 700 | _aPani, Biswachintamni Ambika Prasad | ||
| 773 | _aIndian Journal of Public Administration | ||
| 908 | _aN | ||
| 909 | _a94204 | ||
| 999 |
_c94204 _d94204 |
||